Lecture Ready 2. 1 DVD : (Record no. 14719)
[ view plain ]
| 000 -LEADER | |
|---|---|
| fixed length control field | 00808nam a22002057a 4500 |
| 008 - FIXED-LENGTH DATA ELEMENTS--GENERAL INFORMATION | |
| fixed length control field | 100927t xxu||||| |||| 00| 0 eng d |
| 020 ## - INTERNATIONAL STANDARD BOOK NUMBER | |
| International Standard Book Number | 978019447112 |
| 020 ## - INTERNATIONAL STANDARD BOOK NUMBER | |
| International Standard Book Number | 0194417115 |
| 082 ## - DEWEY DECIMAL CLASSIFICATION NUMBER | |
| Classification number | 371.30281 |
| Item number | LEC |
| 100 ## - MAIN ENTRY--PERSONAL NAME | |
| 9 (RLIN) | 13997 |
| Personal name | Sarosy, Peg |
| 245 ## - TITLE STATEMENT | |
| Title | Lecture Ready 2. 1 DVD : |
| Remainder of title | Strategies for Academic Listening, Note-taking, and Discussions / |
| Statement of responsibility, etc | Peg Sarosy; Katharine Sherak |
| 260 ## - PUBLICATION, DISTRIBUTION, ETC. (IMPRINT) | |
| Place of publication, distribution, etc | Oxford : |
| Name of publisher, distributor, etc | Oxford University Press, |
| Date of publication, distribution, etc | 2006 |
| 300 ## - PHYSICAL DESCRIPTION | |
| Extent | 1 videodisc (102 min.) : |
| Other physical details | sd., col. ; |
| Dimensions | 4 3/4 in. + |
| Accompanying material | 1 text (viii, 120 p. : ill.), 1 answer key & transcripts (37 p.) |
| 650 ## - SUBJECT ADDED ENTRY--TOPICAL TERM | |
| 9 (RLIN) | 8352 |
| Topical term or geographic name as entry element | Lecture method in teaching |
| 650 ## - SUBJECT ADDED ENTRY--TOPICAL TERM | |
| 9 (RLIN) | 1009 |
| Topical term or geographic name as entry element | Note-taking. |
| 650 ## - SUBJECT ADDED ENTRY--TOPICAL TERM | |
| 9 (RLIN) | 14009 |
| Topical term or geographic name as entry element | Study skills. |
| 650 ## - SUBJECT ADDED ENTRY--TOPICAL TERM | |
| 9 (RLIN) | 19900 |
| Topical term or geographic name as entry element | Lectures and lecturing |
| 700 ## - ADDED ENTRY--PERSONAL NAME | |
| 9 (RLIN) | 14001 |
| Personal name | Sherak, Kathy. |
| 942 ## - ADDED ENTRY ELEMENTS (KOHA) | |
| Source of classification or shelving scheme | Dewey Decimal Classification |
| Item type | |
| Withdrawn status | Lost status | Source of classification or shelving scheme | Materials specified (bound volume or other part) | Damaged status | Not for loan | Koha collection | Location (home branch) | Sublocation or collection (holding branch) | Shelving location | Date acquired | Source of acquisition | Koha issues (times borrowed) | Koha renewals | Koha full call number | Piece designation (barcode) | Koha date last seen | Koha date last borrowed | Price effective from | Koha item type |
|---|---|---|---|---|---|---|---|---|---|---|---|---|---|---|---|---|---|---|---|
| Dewey Decimal Classification | Lost In Inventory_2015-8-23 | Baccah | Central Library | Central Library | First floor | 27/09/2010 | 5 | 2 | 371.30281 LEC | 000022143 | 24/08/2022 | 24/11/2013 | 27/09/2010 | CD | DVD - (NB) | |||||
| Dewey Decimal Classification | Baccah | Central Library | Central Library | First floor | 27/09/2010 | 3 | 2 | 371.30281 LEC | 000022144 | 24/08/2022 | 30/01/2013 | 27/09/2010 | CD | DVD - (NB) |